Statistics for Geography Multi-select #13

Click here to take the quiz!

General Stats

  • This quiz has been taken 11 times
  • The average score is 57 of 90

Answer Stats

QuestionTileSelect% Correct
capitals of a U.S. state whose name begins with “L.”AustinNo
82%
national capitals of a country whose name begins with “L.”BeirutYes
82%
countries with a capital city that begins with “L.”ChadNo
82%
capitals of a U.S. state whose name begins with “L.”CharlestonNo
82%
capitals of a U.S. state whose name begins with “L.”HarrisburgNo
82%
countries with a coastline on the Molucca Sea.IndonesiaYes
82%
Mountain States (per the U.S. Census Bureau).KentuckyNo
82%
countries with a capital city that begins with “K.”KuwaitYes
82%
countries with a capital city that begins with “L.”MalawiYes
82%
countries with a capital city that begins with “K.”MalaysiaYes
82%
national capitals of a country whose name begins with “L.”Mexico CityNo
82%
countries with a capital city that begins with “K.”MyanmarNo
82%
countries with a capital city that begins with “L.”NorwayNo
82%
countries with a coastline on the Gulf (Sea) of Oman.OmanYes
82%
national capitals of a country whose name begins with “L.”OttawaNo
82%
countries with a capital city that begins with “L.”PeruYes
82%
national capitals of a country whose name begins with “L.”Port of SpainNo
82%
countries with a capital city that begins with “L.”PortugalYes
82%
capitals of a U.S. state whose name begins with “L.”RaleighNo
82%
capitals of a U.S. state whose name begins with “L.”Saint PaulNo
82%
countries with a coastline on the Molucca Sea.TaiwanNo
82%
Mountain States (per the U.S. Census Bureau).TennesseeNo
82%
countries with a capital city that begins with “K.”UkraineYes
82%
countries with a coastline on the Gulf (Sea) of Oman.United Arab EmiratesYes
82%
national capitals of a country whose name begins with “L.”VientianeYes
82%
countries with a coastline on the Molucca Sea.VietnamNo
82%
U.S. states whose capital city begins with “L.”AlaskaNo
73%
countries with a coastline on the Molucca Sea.AustraliaNo
73%
countries with a capital city that begins with “L.”BoliviaYes
73%
capitals of a U.S. state whose name begins with “L.”Carson CityNo
73%
capitals of a U.S. state whose name begins with “L.”DoverNo
73%
countries with a capital city that begins with “K.”Equatorial GuineaNo
73%
countries with a capital city that begins with “L.”EswatiniNo
73%
names of individual islands included in the Greater Antilles.HaitiNo
73%
countries with a coastline on the Gulf (Sea) of Oman.IndiaNo
73%
countries with a coastline on the Gulf (Sea) of Oman.IraqNo
73%
countries with a capital city that begins with “K.”JamaicaYes
73%
national capitals of a country whose name begins with “L.”NairobiNo
73%
Mountain States (per the U.S. Census Bureau).OklahomaNo
73%
U.S. states whose capital city begins with “L.”OregonNo
73%
capitals of a U.S. state whose name begins with “L.”PhoenixNo
73%
national capitals of a country whose name begins with “L.”RigaYes
73%
countries with a capital city that begins with “L.”SloveniaYes
73%
Mountain States (per the U.S. Census Bureau).South DakotaNo
73%
U.S. states whose capital city begins with “L.”ArkansasYes
64%
countries with a coastline on the Gulf (Sea) of Oman.BahrainNo
64%
capitals of a U.S. state whose name begins with “L.”Baton RougeYes
64%
Mountain States (per the U.S. Census Bureau).ColoradoYes
64%
names of individual islands included in the Greater Antilles.HispaniolaYes
64%
names of individual islands included in the Greater Antilles.JamaicaYes
64%
national capitals of a country whose name begins with “L.”MonroviaYes
64%
U.S. states whose capital city begins with “L.”NevadaNo
64%
U.S. states whose capital city begins with “L.”New YorkNo
64%
countries with a capital city that begins with “K.”SomaliaNo
64%
U.S. states whose capital city begins with “L.”TennesseeNo
64%
Mountain States (per the U.S. Census Bureau).TexasNo
64%
U.S. states whose capital city begins with “L.”WashingtonNo
64%
countries with a coastline on the Molucca Sea.BruneiNo
55%
names of individual islands included in the Greater Antilles.Cayman IslandsNo
55%
names of individual islands included in the Greater Antilles.CubaYes
55%
countries with a capital city that begins with “K.”D. R. CongoYes
55%
countries with a coastline on the Molucca Sea.East TimorNo
55%
countries with a capital city that begins with “L.”GabonYes
55%
countries with a coastline on the Gulf (Sea) of Oman.IranYes
55%
national capitals of a country whose name begins with “L.”MaseruYes
55%
Mountain States (per the U.S. Census Bureau).MassachusettsNo
55%
U.S. states whose capital city begins with “L.”MichiganYes
55%
Mountain States (per the U.S. Census Bureau).North DakotaNo
55%
Mountain States (per the U.S. Census Bureau).OregonNo
55%
countries with a coastline on the Molucca Sea.Papua New GuineaNo
55%
names of individual islands included in the Greater Antilles.Puerto RicoYes
55%
countries with a coastline on the Gulf (Sea) of Oman.Saudi ArabiaNo
55%
Mountain States (per the U.S. Census Bureau).UtahYes
55%
Mountain States (per the U.S. Census Bureau).ArizonaYes
45%
Mountain States (per the U.S. Census Bureau).MontanaYes
45%
U.S. states whose capital city begins with “L.”NebraskaYes
45%
Mountain States (per the U.S. Census Bureau).New MexicoYes
45%
countries with a coastline on the Gulf (Sea) of Oman.QatarNo
45%
countries with a coastline on the Molucca Sea.SingaporeNo
45%
Mountain States (per the U.S. Census Bureau).AlaskaNo
36%
Mountain States (per the U.S. Census Bureau).CaliforniaNo
36%
names of individual islands included in the Greater Antilles.Grand CaymanYes
36%
Mountain States (per the U.S. Census Bureau).IdahoYes
36%
names of individual islands included in the Greater Antilles.TrinidadNo
36%
Mountain States (per the U.S. Census Bureau).WyomingYes
36%
Mountain States (per the U.S. Census Bureau).NevadaYes
27%
countries with a capital city that begins with “K.”Saint Vincent and the GrenadinesYes
27%
countries with a coastline on the Molucca Sea.MalaysiaNo
18%
countries with a coastline on the Gulf (Sea) of Oman.PakistanYes
18%
names of individual islands included in the Greater Antilles.Navassa IslandYes
9%

Score Distribution

Percentile by Number Answered

Percent of People with Each Score

Your Score History

You have not taken this quiz